Emirates folklores [

Bibliographic Details
Corporate Author: Department of Culture and Information, Government of Sharjah, UAE
Format: Book
Published: United Arab Emirates : Department of Culture and Information, Government of Sharjah
Subjects:

MARC

LEADER 00000cam a2200000 7i4500
001 0000021212
005 20080229.0
040 |a INS 
090 0 0 |a DS592 
110 1 |a Department of Culture and Information, Government of Sharjah, UAE 
245 0 0 |a Emirates folklores [  |h video recording] 
260 |a United Arab Emirates :   |b Department of Culture and Information, Government of Sharjah 
300 |a Video cassette 
500 |a VCD 125 
650 0 0 |a Folklores   |z United Arab Emirates 
999 |a VCD0000125   |b VIDEO CD   |c Media Collection   |e Default branch